Statistieken voor Steden en Dorpen van Overijssel

Klik hier om de quiz te nemen!

Algemene statistieken

  • Deze quiz is 232 keer genomen
  • De gemiddelde score is 46 van 152

Antwoordstatistieken

GemeenteStad of Dorp% Correct
AlmeloAlmelo
98%
HardenbergHardenberg
92%
RaalteRaalte
91%
DeventerDeventer
88%
EnschedeEnschede
88%
ZwolleZwolle
88%
KampenKampen
86%
OmmenOmmen
85%
TubbergenTubbergen
85%
BorneBorne
83%
DalfsenDalfsen
83%
HengeloHengelo
83%
LosserLosser
83%
Rijssen-HoltenRijssen
83%
SteenwijkerlandSteenwijk
83%
HellendoornHellendoorn
82%
StaphorstStaphorst
80%
HaaksbergenHaaksbergen
78%
Rijssen-HoltenHolten
75%
Olst-WijheWijhe
75%
OldenzaalOldenzaal
74%
Olst-WijheOlst
74%
WierdenWierden
74%
HellendoornNijverdal
62%
RaalteHeino
57%
TwenterandVriezenveen
57%
Hof van TwenteGoor
49%
HardenbergDedemsvaart
48%
SteenwijkerlandGiethoorn
48%
OmmenLemele
48%
ZwartewaterlandHasselt
45%
Hof van TwenteDelden
43%
WierdenEnter
43%
ZwartewaterlandGenemuiden
43%
LosserGlane
43%
ZwartewaterlandZwartsluis
43%
HellendoornDaarle
42%
TwenterandDen Ham
42%
DalfsenLemelerveld
42%
DeventerBathmen
40%
DinkellandOotmarsum
40%
DalfsenNieuwleusen
38%
HardenbergGramsbergen
37%
HardenbergMariënberg
37%
EnschedeGlanerbrug
35%
HardenbergSlagharen
35%
TwenterandVroomshoop
35%
LosserDe Lutte
34%
DinkellandDenekamp
34%
KampenIJsselmuiden
34%
AlmeloAadorp
32%
TubbergenAlbergen
31%
Hof van TwenteBentelo
31%
DinkellandDeurningen
31%
Hof van TwenteMarkelo
31%
StaphorstRouveen
31%
HardenbergLutten
28%
DalfsenOudleusen
28%
DeventerColmschate
26%
Hof van TwenteDiepenheim
26%
DeventerDiepenveen
26%
HellendoornHaarle
26%
DinkellandWeerselo
26%
Hof van TwenteHengevelde
25%
DeventerSchalkhaar
25%
SteenwijkerlandVollenhove
23%
KampenZalk
23%
HardenbergBergentheim
22%
EnschedeBoekelo
22%
HardenbergDe Krim
22%
LosserOverdinkel
22%
SteenwijkerlandTuk
22%
HengeloBeckum
20%
SteenwijkerlandBlokzijl
20%
AlmeloBornerbroek
20%
RaalteHeeten
20%
RaalteMariënheem
20%
EnschedeLonneker
18%
SteenwijkerlandOldemarkt
18%
TubbergenVasse
18%
TwenterandWesterhaar-Vriezenveensewijk
18%
ZwolleWindesheim
18%
BorneZenderen
18%
TubbergenGeesteren
17%
DalfsenHoonhorst
17%
StaphorstIJhorst
17%
RaalteLaag Zuthem
17%
TubbergenLangeveen
17%
Almelo/TubbergenMariaparochie
17%
DinkellandRossum
17%
DinkellandSaasveld
17%
EnschedeUsselo
17%
Olst-WijheBoerhaar
15%
RaalteBroekland
15%
HaaksbergenBuurse
15%
SteenwijkerlandKuinre
15%
SteenwijkerlandOssenzijl
15%
TubbergenReutum
15%
Kampen's-Heerenbroek
15%
SteenwijkerlandSint Jansklooster
15%
Olst-WijheWesepe
15%
Olst-WijheBoskamp
14%
KampenGrafhorst
14%
HellendoornHulsen
14%
DeventerLettele
14%
RaalteLuttenberg
14%
TubbergenManderveen
14%
RaalteNieuw Heeten
14%
DinkellandNoord Deurningen
14%
DeventerOkkenbroek
14%
HardenbergAne
12%
TubbergenFleringen
12%
TwenterandGeerdijk
12%
DinkellandLattrop
12%
KampenWilsum
12%
SteenwijkerlandBlankenham
11%
HardenbergBruchterveld
11%
Olst-WijheDen Nul
11%
KampenKamperveen
11%
StaphorstPunthorst
11%
HardenbergBalkburg
9%
SteenwijkerlandBelt-Schutsloot
9%
LosserBeuningen
9%
TubbergenHarbrinkhoek
9%
SteenwijkerlandIJsselham
9%
SteenwijkerlandKalenberg
9%
HardenbergKloosterhaar
9%
RaalteLiederholthuis
9%
HaaksbergenSint Isidorushoeve
9%
OmmenVilsteren
9%
Olst-WijheWelsum
8%
HardenbergHeemse
6%
SteenwijkerlandKallenkote
6%
SteenwijkerlandOnna
6%
HardenbergOud Avereest
6%
SteenwijkerlandPaasloo
6%
SteenwijkerlandScheerwolde
6%
HardenbergSchuinesloot
6%
DinkellandTilligte
6%
TwenterandDe Pollen
5%
HardenbergEbbenbroek
5%
SteenwijkerlandEesveen
5%
BorneHertme
5%
HellendoornDaalerveen
3%
DinkellandHet Stift
3%
SteenwijkerlandWetering
3%
SteenwijkerlandZuidveen
3%
SteenwijkerlandHeetveld
2%
SteenwijkerlandWannaperveen
2%
SteenwijkerlandWillemsoord
2%
TwenterandWesterhoeven
0%

Scoreverdeling

Percentiel versus Aantal Correcte Antwoorden

Procent van Mensen met Elke Score

Uw Scoregeschiedenis

U heeft deze quiz nog niet genomen